000 00659nam a2200253Ia 4500
005 20260306153525.0
008 008 260114s9999 xx 000 0 eng d
020 _a9781399506007
037 _aEBOOK
040 _aCRL
040 _beng
040 _cCRL
041 _2eng
041 _aeng
084 _qCRL
100 _aIşık
_91125638
245 0 _aTurkish Paramilitarism in Northern Kurdistan 1st ed
260 _bEdinburgh University Press
260 _c2025
650 _aPolitical Science
856 _uhttps://www.cambridge.org/core/product/identifier/9781399506007/type/BOOK
942 _cEBOOK
999 _c1703834
_d1703834